000 00498nam a2200205Ia 4500
005 20251020182514.0
008 200515s9999 xx 000 0 und d
082 _a658.312/S21
100 _aSánchez Yábar, Guido
245 0 _aCómo organizar y gestionar una empresa exitosa
260 _aLima
260 _bSYSA
260 _c1997
300 _a54 p.
490 _aColección PYME, 2
500 _a1 ejemplar
650 _aPEQUEÑA Y MEDIANA EMPRESA
942 _cLIB
999 _c1536
_d1536